100 Most Common Words in Beatles Songs - Statistics

General Stats
  • This quiz has been taken 25,868 times
  • The average score is 41 of 101
Answer Stats
# Word % Correct
1,736 I
98%
858 a
97%
1,355 the
94%
2,262 you
93%
111 he
91%
613 love
87%
1,060 me
82%
330 she
82%
497 be
80%
130 we
80%
1,097 to
78%
321 do
74%
513 in
72%
200 no
72%
285 her
71%
466 it
70%
962 and
69%
211 go
66%
368 on
66%
306 so
65%
328 is
62%
610 my
62%
403 your
60%
99 they
58%
285 when
57%
88 yes
56%
437 all
55%
232 can
54%
94 are
51%
307 for
51%
369 of
48%
129 there
47%
116 let
46%
119 why
45%
105 not
44%
244 what
44%
466 that
42%
183 will
42%
401 don't
41%
183 come
40%
114 have
40%
136 day
38%
206 want
38%
135 was
38%
170 girl
37%
209 see
37%
259 if
36%
194 like
36%
235 with
36%
164 hey
35%
120 how
34%
147 one
34%
218 say
34%
89 here
33%
436 know
33%
101 man
33%
91 mine
33%
191 get
32%
111 at
31%
120 too
31%
136 up
31%
102 as
30%
256 but
30%
99 from
30%
225 now
30%
151 can't
29%
122 out
29%
147 down
28%
404 I'm
28%
96 need
28%
321 it's
27%
116 make
27%
93 night
26%
240 yeah
26%
113 good
25%
105 take
25%
343 oh
24%
183 just
23%
134 time
23%
300 baby
22%
92 please
22%
141 back
20%
220 got
20%
194 you're
20%
87 been
19%
121 never
19%
124 right
17%
150 tell
17%
144 way
17%
123 said
16%
196 I'll
15%
110 long
15%
86 better
14%
265 well
14%
162 little
12%
86 only
12%
164 she's
12%
115 home
11%
115 I've
11%
164 gonna
6%
107 that's
4%
No matching quizzes found
Score Distribution
Percent of People with Each Score
Percentile by Number Answered
Your Score History
You have not taken this quiz